zpět

Detail výsledku týmu

Restaurace Zastávka, Úvalno

Datum a čas kvízu

29 Celkem bodů Celkový počet nahraných bodů na tomto kvízu bez doplňovacích otázek.
3. Pořadí na kvízu Konečné umístění týmu na tomto kvízu.

Zaznamenané odpovědi

# Otázka Odpověď Body Výsledky
1. Tělo nosorožce Súdána, který b... v Keni 0
2. Většina evropských zemí přešla... o Libanonu 0
3. Minulý týden bylo oznámeno, že... Bohumil Hrabal 1
4. Minulý týden došlo v české ene... Westinghouse 1
5. Lionel Messi se definitivně za... odhalení sochy 0
6. V tomto tématu bude vaším úkol... Za humny je drak 0
7. Doplňte slovo, kterým končí zn... Homolka 0
8. Seřaďte následující hlášky pod... 1A 2C 3D 4B 0
9. Věta „Děda je hodný, ale překá... Na samotě u lesa, Komárek 1
10. Pěti slovy dokončete hlášku z... nebo se z toho zblázníš 1